000
00201 a2200097 4500
001
8989
100
_a
Barry R H
245
_a
Strategy of Action
260
_a
_b
Faber & Faber
_c
090
_c
7176
_d
7176
942
_a
NUST-CAE
_c
M
_c
33796
999
_c
244062
_d
244062